| 000 | 01560cam a2200313 i 4500 | ||
|---|---|---|---|
| 999 |
_c159 _d159 |
||
| 001 | 19597734 | ||
| 003 | OSt | ||
| 005 | 20190729114733.0 | ||
| 008 | 161108s2017 enk 000 f eng | ||
| 010 | _a 2017380254 | ||
| 020 |
_a9781509829859 _q(pbk.) |
||
| 020 |
_a1509829857 _q(pbk.) |
||
| 040 |
_aDLC _beng _erda _cDLC |
||
| 042 | _apcc | ||
| 082 | _aFIC MCM | ||
| 100 | 1 |
_aMcMonagle, Alan, _eauthor. |
|
| 245 | 1 | 0 |
_aIthaca / _cAlan McMonagle. |
| 264 | 1 |
_aLondon : _bPicador, _c2017. |
|
| 300 |
_a311 pages ; _c22 cm |
||
| 336 |
_atext _btxt _2rdacontent |
||
| 337 |
_aunmediated _bn _2rdamedia |
||
| 338 |
_avolume _bnc _2rdacarrier |
||
| 520 | _aSummer 2009, and eleven-year-old Jason Lowry is preoccupied with thoughts of the Da he has never known. In the meantime, his vodka-swilling, swings-from-the-hip Ma is busy entertaining her latest boyfriend and indulging her fondness for joyriding. Jason escapes to the Swamp: a mysteriously rising pool of fetid water on the outskirts of the town. There, he meets the girl, a being as lost as himself, and with even less regard for reality. Together, they conjure exotic adventures - from ancient Egypt to the search for Ithaca, home of Odysseus. But what begin as innocent flights of fancy soon become forays into hazardous territory; the girl is a dangerous (and very committed) partner in crime. | ||
| 650 | 0 |
_aFamilies _vFiction. |
|
| 906 |
_a7 _bcbc _corigres _d3 _encip _f20 _gy-gencatlg |
||
| 942 |
_2ddc _cFIC |
||